Statistics for Taylor Swift - The Manuscript (Lyrics)

Click here to take the quiz!

General Stats

  • This quiz has been taken 24 times
  • The average score is 194 of 241

Answer Stats

Answer% Correct
a
100%
And
100%
and
100%
as
100%
be
100%
but
100%
But
100%
conversation
100%
Good
100%
good
100%
half
100%
he
100%
He
100%
I
100%
I'd
100%
it"
100%
it
100%
manuscript
100%
"No,
100%
Now
100%
over
100%
pushing
100%
re-
100%
read
100%
said,
100%
said
100%
sex
100%
so
100%
Soon
100%
soon
100%
strollers
100%
The
100%
the
100%
Then
100%
then
100%
was
100%
anymore
91%
if
91%
"I'm
91%
In
91%
in
91%
is
91%
isn't
91%
just
91%
mine
91%
my
91%
not
91%
of
91%
Of
91%
on
91%
only
91%
reads
91%
She
91%
she
91%
story
91%
They
91%
they'd
91%
to
91%
were
91%
you
91%
your
91%
"You're
91%
affair
82%
at
82%
couldn't
82%
every
82%
for
82%
had
82%
her
82%
professional"
82%
Samaritan"
82%
that
82%
thing
82%
who
82%
been
73%
donor
73%
Everything
73%
give
73%
heart
73%
how
73%
kids'
73%
their
73%
wasn't
73%
what
73%
With
73%
with
73%
about
64%
age
64%
ate
64%
boys
64%
cereal
64%
coffee
64%
dated
64%
entire
64%
eyes
64%
French
64%
from
64%
him,
64%
knew
64%
left
64%
made
64%
might
64%
morning
64%
needed
64%
own
64%
press
64%
shores
64%
sleep
64%
sure
64%
thirty
64%
thought
64%
unless
64%
above
55%
Afterward,
55%
backs
55%
bed
55%
beyond
55%
board
55%
compared
55%
dartboards
55%
doors
55%
know
55%
last
55%
like
55%
mother's
55%
passed
55%
rolled
55%
Since
55%
that's
55%
torrid
55%
way
55%
wise
55%
write
55%
years
55%
actors
45%
backwards
45%
forward
45%
licenses
45%
Looking
45%
move
45%
One
45%
professor
45%
trip
45%
wished
45%
agony
36%
dance
36%
fell
36%
hitting
36%
marks
36%
scenes
36%
show
36%
slow
36%
souvenir
36%
tears
36%
alight
27%
score
27%
sparks
27%
synchronicity
27%

Score Distribution

Percentile by Number Answered

Percent of People with Each Score

Your Score History

You have not taken this quiz